Redemptive masculinities : (Record no. 4090)

MARC details
000 -LEADER
fixed length control field 01240cam a22003497i 4500
001 - CONTROL NUMBER
control field 17298277
003 - CONTROL NUMBER IDENTIFIER
control field OSt
005 - DATE AND TIME OF LATEST TRANSACTION
control field 20250205113156.0
008 - FIXED-LENGTH DATA ELEMENTS--GENERAL INFORMATION
fixed length control field 120515s2012 sz b 001 0 eng
010 ## - LIBRARY OF CONGRESS CONTROL NUMBER
LC control number 2012311387
020 ## - INTERNATIONAL STANDARD BOOK NUMBER
International Standard Book Number 9789966150622 (Zapf)
020 ## - INTERNATIONAL STANDARD BOOK NUMBER
Canceled/invalid ISBN 9780825415696 (WCC)
040 ## - CATALOGING SOURCE
Original cataloging agency DLC
Language of cataloging eng
Transcribing agency DLC
Description conventions rda
042 ## - AUTHENTICATION CODE
Authentication code lcode
050 00 - LIBRARY OF CONGRESS CALL NUMBER
Classification number MLCS 2016/44740 (R)
082 ## - DEWEY DECIMAL CLASSIFICATION NUMBER
Classification number 362.5
Item number EZR
245 00 - TITLE STATEMENT
Title Redemptive masculinities :
Remainder of title men, HIV, and religion /
Statement of responsibility, etc. Ezra Chitando and Sophie Chirongoma, editors.
264 #1 - PRODUCTION, PUBLICATION, DISTRIBUTION, MANUFACTURE, AND COPYRIGHT NOTICE
Place of production, publication, distribution, manufacture Geneva, Switzerland :
Name of producer, publisher, distributor, manufacturer World Council of Churches Publications ;
Place of production, publication, distribution, manufacture [Nairobi] :
Name of producer, publisher, distributor, manufacturer Zapf Chancery Publishers Africa [Distributor],
Date of production, publication, distribution, manufacture, or copyright notice 2012.
264 #4 - PRODUCTION, PUBLICATION, DISTRIBUTION, MANUFACTURE, AND COPYRIGHT NOTICE
Date of production, publication, distribution, manufacture, or copyright notice ©2012
300 ## - PHYSICAL DESCRIPTION
Extent xvi, 565 pages. ;
Dimensions 21 cm.
336 ## - CONTENT TYPE
Content type term text
Source rdacontent
337 ## - MEDIA TYPE
Media type term unmediated
Source rdamedia
338 ## - CARRIER TYPE
Carrier type term volume
Source rdacarrier
490 0# - SERIES STATEMENT
Series statement EHAIA series
504 ## - BIBLIOGRAPHY, ETC. NOTE
Bibliography, etc Includes bibliographical references (p. 491-552) and index.
700 1# - ADDED ENTRY--PERSONAL NAME
Personal name Chitando, Ezra.
700 1# - ADDED ENTRY--PERSONAL NAME
Personal name Chirongoma, Sophie.
710 2# - ADDED ENTRY--CORPORATE NAME
Corporate name or jurisdiction name as entry element World Council of Churches.
906 ## - LOCAL DATA ELEMENT F, LDF (RLIN)
a 7
b cbc
c orignew
d 4
e ncip
f 20
g y-gencatlg
942 ## - ADDED ENTRY ELEMENTS (KOHA)
Source of classification or shelving scheme Dewey Decimal Classification
Koha item type Books
Holdings
Withdrawn status Lost status Source of classification or shelving scheme Damaged status Not for loan Home library Current library Date acquired Total Checkouts Full call number Barcode Date last seen Price effective from Koha item type
    Dewey Decimal Classification     Bunge Tower Library Bunge Tower Library 02/05/2025   362.5 EZR 2025/0055 02/05/2025 02/05/2025 Books
LIBRARY OPENING HOURS

When the Parliament is sitting: 8.00a.m - 7.00p.m or until the house adjourns
Mondays and Fridays and when the House is on Recess:  8.00a.m - 5.00p.m
Closed on Weekends and Public Holidays

Online Public Access Catalog (OPAC)
Website: http://www.parliament.go.ke
Bunge Library: https://libraryir.parliament.go.ke
Contact: library@parliament.go.ke | Tel no: (254-2)2221291 or 2848000 Ext 5043